Normal view
MARC view
- Mcmillan, Robert
Entry Personal Name
001 - CONTROL NUMBER
- control field: 118046
003 - CONTROL NUMBER IDENTIFIER
- control field: NUST
005 - DATE AND TIME OF LATEST TRANSACTION
- control field: 20230919151127.0
008 - FIXED-LENGTH DATA ELEMENTS
- fixed length control field: 230919|| aca||aabn | a|a d
040 ## - CATALOGING SOURCE
- Original cataloging agency: NUST
- Transcribing agency: NUST
100 ## - HEADING--PERSONAL NAME
- Personal name: Mcmillan, Robert
670 ## - SOURCE DATA FOUND
- Source citation: Work cat.: (NUST)599665: Mcmillan, Robert , Rotating machinery: practical solutions to unbalance and misalignment /, 2019-09-27
